000 03284cam a2200385 4500500
005 20260405002041.0
041 _afre
042 _adc
100 1 0 _aGandégnon, Médéssè Carol F.
_eauthor
245 0 0 _aUne étude a posteriori de la construction de l’intention entrepreneuriale chez les entrepreneurs agricoles d’Afrique subsaharienne
260 _c2025.
500 _a59
520 _aThe literature on entrepreneurial intention has mostly examined the factors capable of predicting entrepreneurial action, and rarely those that actually led to it. This research therefore focuses on the factors that favored the transition to entrepreneurial action, in the specific context of Sub-Saharan Africa, and within the specific sector of agriculture. Using two embedded case studies, and within a comprehensive approach, we examine the ex-post influence of the 3 components of the theory of planned behavior on the entrepreneurial decision. Social norms are the least influential component, due to the lack of positive recognition for entrepreneurs and agriculture. Personal attitude, a favorable component, highlights the roles of family and academic education. Finally, the behavioral control component positively influences the transition to actio through preparation and extended stay in the informal mode, which turns out to be a genuine strategic choice.
520 _aLa littérature sur l’intention entrepreneuriale a majoritairement examiné les facteurs capables de prédire l’acte entrepreneurial, et rarement à ceux y ayant réellement conduit. Cette recherche se penche alors sur l’étude des facteurs ayant réellement favorisé le passage à l’acte entrepreneurial, dans le contexte spécifique de l’Afrique subsaharienne, et dans le secteur spécifique de l’agriculture. Au moyen de deux études de cas encastrées nous examinons dans une démarche compréhensive, l’influence a posteriori, des 3 composantes de la théorie du comportement planifié sur le déclenchement de l’acte entrepreneurial. Les normes sociales sont la composante la moins influente, faute d’une valorisation positive des entrepreneurs et de l’agriculture. L’attitude personnelle, composante favorable, met en évidence les rôles de l’entourage et de la formation académique. Enfin, la composante contrôle comportemental influence positivement le passage à l’acte à travers la préparation ainsi que le maintien prolongé dans l’informel, qui se révèle comme un véritable choix stratégique.
690 _aAfrique subsaharienne
690 _aagriculture
690 _aentrepreneuriat
690 _aétude de cas
690 _agénération Y
690 _aintention
690 _athéorie du comportement planifié
690 _aagriculture
690 _acase study
690 _aentrepreneurship
690 _aIntention
690 _aL260
690 _aM130
690 _aQ1
690 _aQ130
690 _aSub-Saharan Africa
690 _atheory of planned behavior
690 _aY generation
786 0 _nMarché et organisations | Pub. anticipées | 2025-12-31 | p. I150-XXXV | 1953-6119
856 4 1 _uhttps://shs.cairn.info/revue-marche-et-organisations-2025-0-page-I150?lang=fr&redirect-ssocas=7080
999 _c2053711
_d2053711